[Event "Madrid San Viator op-A 29th"]
[Site "Madrid"]
[Date "2017.10.22"]
[Round "5"]
[White "Rodriguez Romero, Martin"]
[Black "Monreal Bejarano, Luis Miguel"]
[Result "1/2-1/2"]
[WhiteElo "1907"]
[BlackElo "1883"]
[PlyCount "131"]
[EventDate "2017.09.17"]
[EventType "swiss"]
[EventRounds "9"]
[EventCountry "ESP"]
[SourceTitle "EXT 2019"]
[Source "ChessBase"]
[SourceDate "2018.10.10"]
[SourceVersion "1"]
[SourceVersionDate "2018.10.10"]
[SourceQuality "1"]

1. e4 c5 2. Nf3 e6 3. d4 cxd4 4. Nxd4 a6 5. Nc3 b5 6. g3 Bb7 7. Bg2 Nf6 8. a3 Qc7 9. 0-0 Nc6 10. Nxc6 Bxc6 11. Re1 d6 12. Nd5 Bxd5 13. exd5 e5 14. Bg5 Be7 15. Bxf6 Bxf6 16. c3 0-0 17. h4 Be7 18. h5 f5 19. f4 Qa7+ 20. Kh2 exf4 21. gxf4 Bh4 22. Re2 Rae8 23. Qd3 Re7 24. Rf1 Qd7 25. Re6 Kh8 26. Qh3 Rxe6 27. dxe6 Qe7 28. Bd5 g5 29. hxg6 hxg6 30. Rg1 Kg7 31. Kg2 Rh8 32. Kf1 Qa7 33. Qf3 Bf6 34. Qg3 Rh6 35. Rg2 Qc5 36. Qd3 Rh1+ 37. Ke2 Rg1 38. Rxg1 Qxg1 39. Qe3 Qxe3+ 40. Kxe3 Kf8 41. b3 Bxc3 42. Kd3 Bb2 43. Bb7 Ke7 44. Bxa6 Bxa3 45. Bxb5 Kxe6 46. Bc4+ d5 47. Bb5 Bc1 48. Be8 Kf6 49. Bc6 Bxf4 50. Bxd5 g5 51. Ke2 Bd6 52. Kf3 g4+ 53. Kf2 f4 54. Bc6 Bc5+ 55. Kg2 Bb4 56. Kf2 Kg5 57. Kg2 Kh4 58. Bd5 Be1 59. Bc6 Kg5 60. Bb7 Bh4 61. b4 Kf6 62. b5 Ke5 63. b6 Kd6 64. Be4 Bd8 65. Bf5 f3+ 66. Kg3 1/2-1/2

[Event "Madrid San Viator op-A 27th"]
[Site "Madrid"]
[Date "2016.10.16"]
[Round "5"]
[White "Del Noval Nemeshazi, Nesztor"]
[Black "Rodriguez Romero, Martin"]
[Result "0-1"]
[WhiteElo "1932"]
[BlackElo "1666"]
[PlyCount "138"]
[EventDate "2016.09.25"]
[EventType "swiss"]
[EventRounds "9"]
[EventCountry "ESP"]
[SourceTitle "EXT 2017"]
[Source "ChessBase"]
[SourceDate "2016.10.25"]
[SourceVersion "1"]
[SourceVersionDate "2016.10.25"]
[SourceQuality "1"]

1. e4 c5 2. Nf3 e6 3. d4 cxd4 4. Nxd4 Nc6 5. Nc3 Qc7 6. Be3 a6 7. Qd2 Nf6 8. f3 Be7 9. 0-0-0 0-0 10. g4 b5 11. Kb1 Rd8 12. g5 Nh5 13. Bh3 Nxd4 14. Qxd4 Nf4 15. Bg4 Bxg5 16. e5 Qc4 17. Bxf4 Bxf4 18. Qb6 Rf8 19. Rd4 Be3 20. Rxc4 Bxb6 21. Re4 Bb7 22. Re2 Rac8 23. Rd1 Bc6 24. Ne4 Bxe4 25. Rxe4 Rfd8 26. Bh3 Bc5 27. b4 Bf8 28. Red4 Rc3 29. Bg2 Rdc8 30. R1d2 R8c4 31. Rxc4 bxc4 32. Rxd7 Bxb4 33. Rd8+ Bf8 34. Ra8 Re3 35. a4 Rxe5 36. Rxa6 g6 37. Ra8 Kg7 38. a5 Bb4 39. Rc8 Bxa5 40. Rxc4 Re2 41. Ra4 Bc3 42. Ra3 Bf6 43. Bh3 Rxh2 44. f4 Rf2 45. Ra4 h5 46. Re4 Rf3 47. Bg2 Rg3 48. Bf1 Rg1 49. Re1 h4 50. Rc1 Rg4 51. c4 Rxf4 52. c5 Be5 53. Kc2 h3 54. Bxh3 Rc4+ 55. Kd1 Rxc1+ 56. Kxc1 f5 57. Kd2 g5 58. Kd3 Kf6 59. Bg2 Bc7 60. Kc4 g4 61. Kb5 f4 62. Bb7 f3 63. Kc6 Be5 64. Kd7 Bd4 65. c6 Bb6 66. c7 Bxc7 67. Kxc7 e5 68. Kd6 Kf5 69. Kc5 Kf4 0-1